MARC

LEADER 00000nam0a2200000 4500
001 298285
005 20231102001105.0
035 |a (RuTPU)RU\TPU\book\323428 
090 |a 298285 
100 |a 20150617d1984 km y0rusy50 ca 
101 0 |a rus 
102 |a RU 
105 |a a z 001zy 
200 1 |a Создание и применение математических моделей самолетов  |f Академия наук СССР (АН СССР) ; под ред. С. М. Белоцерковского 
210 |a Москва  |c Наука  |d 1984 
215 |a 144 с.  |c ил. 
320 |a Библиогр.: с. 139-141 
606 1 |a Самолеты  |x Математические модели  |2 stltpush  |3 (RuTPU)RU\TPU\subj\53631  |9 71799 
610 1 |a движение 
610 1 |a аэродинамические характеристики 
610 1 |a флаттер 
610 1 |a нестационарное обтекание 
610 1 |a конструкции 
610 1 |a упругость 
610 1 |a загрузка 
610 1 |a внешние возмущения 
610 1 |a бортовое оборудование 
675 |a 629.73.015  |v 4 
702 1 |a Белоцерковский  |b С. М.  |4 340 
712 0 2 |a Академия наук СССР (АН СССР)  |c (Ленинград/Москва)  |c (1925-1991)  |2 stltpush  |3 (RuTPU)RU\TPU\col\722 
801 1 |a RU  |b 63413507  |c 20150617 
801 2 |a RU  |b 63413507  |c 20180604  |g RCR 
942 |c BK